000 00312nam a22001337a 4500
008 181217b xxu||||| |||| 00| 0 eng d
020 _a0155837370
041 _aeng
080 _24th
_a311
100 _a55
101 _aSTA
245 _aStatistics for Modern Business Decisions
_cLapin,L.L
942 _2udc
_cBK
999 _c53136
_d53136